000 01203nam a2200229Ia 4500
001 L350-24257
003 IT-CnALBA
008 170116s9999||||xx |||||||||||||| ||und||
040 _aIT-CnALBA
_cIT-CnALBA
041 _aITALIANO
100 _aBARBIELLINI-AMIDEI GASPARE
245 0 _aI NUOVI RAGAZZI.
250 _a1a ed.
260 _aMILANO
_bRIZZOLI & C. EDITORI
_c1987 [1° Ed.:1987 - Ed.Ling.Originale: 1987]
300 _a188 p.
500 _aRAGAZZI ANNI '80. DECALOGO PER LO STUDENTE. INCHIESTA SUL MONDO GIOVANILE. RAPPORTO PADRE FIGLIO. FREQUENZA DELLA SCUOLA. CONOSCENZA E PROBLEMATICHE DEI GIOVANI. INCHIESTE SUI GIOVANI. MONDO GIOVANILE. VITA MILITARE. CONVERSIONE E DEDIZIONE RELIGIOSA. MOD
501 _aSocietà San Paolo EM - Piazza San Paolo, 14 - 12051 ALBA (CN) (non commercial uses only) ® Copyright 2017
520 _aRAGAZZI ANNI '80. DECALOGO PER LO STUDENTE. INCHIESTA SUL MONDO GIOVANILE. RAPPORTO PADRE FIGLIO. FREQUENZA DELLA SCUOLA. CONOSCENZA E PROBLEMATICHE DEI GIOVANI. INCHIESTE SUI GIOVANI. MONDO GIOVANILE. VITA MILITARE. CONVERSIONE E DEDIZIONE RELIGIOSA. MOD
650 _aAMMIN. PUBBL. POT. ES. ARTE-SCIEN. MIL
942 _cBK
957 _71
999 _a29022
_bNO
_g Copie: 1
_c283361
_d283361